000 00488nam a2200157Ia 4500
999 _c6598
_d6598
003 OSt
005 20200810132447.0
008 190216s9999||||xx |||||||||||||| ||und||
040 _coclc
082 _a658.4034
_bSHA/O
100 _aSharma, S D
_94029
245 0 _aOperations Research Theory, Methods And Applications /
_cS D Sharma
260 _bKedar Nath Ram Nath and Co,
_aMeerut:
_c2004.
300 _a1180p
942 _cBK
_2ddc
_h658.4034
_iSHA/O
_k658.4034
_mSHA/O